The economics of financial markets

Bibliographic Details
Main Author: Roy E. Bailey... [et al.]
Format: Unknown
Published: Cambridge University Press,
LEADER 00248 a2200097 4500
020 |a 9780521612807 
100 |a Roy E. Bailey... [et al.]  |9 60721 
245 |a The economics of financial markets 
260 |b Cambridge University Press, 
942 |c BK 
999 |c 47946  |d 47946